| 000 | 00981cab a2200265 4500 | ||
|---|---|---|---|
| 001 | ABS51050 | ||
| 008 | 090401t1994 xxu||||| |||| 00| 0 eng d | ||
| 035 | _a(Sirsi) u6799 | ||
| 041 | _aeng | ||
| 100 | _aWordsworth, P. | ||
| 245 | _aSchool buildings after the LMS Reforms | ||
| 260 | _c1994 | ||
| 350 | _a0 | ||
| 490 |
_aCSM (Chartered Surveyor Monthly) _vJuly/August 1994, 18-19(2) |
||
| 520 | _aDiscusses a recent study into the Local Management of Schools and looks at how it has affected the management of school buildings five years after its inception. Analyses the findings in-depth and proposes that proper professional advice is vital if resources are not to be wasted. | ||
| 650 | _aLEAS | ||
| 650 | _aLMS | ||
| 650 | _aLOCAL EDUCATION AUTHORITIES | ||
| 650 | _aLOCAL MANAGEMENT OF SCHOOLS | ||
| 690 |
_aRefurbishment _96264 |
||
| 690 | _aBUILDING AND CONSTRUCTION-REPAIRS AND MAINTENANCE | ||
| 700 | _aSpencer, I. | ||
| 942 | _n0 | ||
| 948 | _c04/03/1997 | ||
| 999 |
_c4042 _d4042 |
||